Technical briefing (Record no. 103147)
[ view plain ]
| 000 -LEADER | |
|---|---|
| fixed length control field | 01339cam a2200277 4500 |
| 001 - CONTROL NUMBER | |
| control field | L124101 |
| 008 - FIXED-LENGTH DATA ELEMENTS--GENERAL INFORMATION | |
| fixed length control field | 031028n2003 000 0 eng u |
| 020 ## - INTERNATIONAL STANDARD BOOK NUMBER | |
| International Standard Book Number | 1903193214 |
| 035 ## - SYSTEM CONTROL NUMBER | |
| System control number | (Sirsi) u124101 |
| 041 ## - LANGUAGE CODE | |
| Language code of text/sound track or separate title | eng |
| 050 ## - LIBRARY OF CONGRESS CALL NUMBER | |
| Classification number | 693.82 |
| -- | 18 |
| 110 ## - MAIN ENTRY--CORPORATE NAME | |
| Corporate name or jurisdiction name as entry element | Association of British Insurers |
| 9 (RLIN) | 3272 |
| 245 ## - TITLE STATEMENT | |
| Title | Technical briefing |
| Remainder of title | fire performance of sandwich panel systems |
| 260 ## - PUBLICATION, DISTRIBUTION, ETC. | |
| Place of publication, distribution, etc. | London |
| Name of publisher, distributor, etc. | ABI |
| Date of publication, distribution, etc. | 2003 |
| 490 ## - SERIES STATEMENT | |
| Series statement | ABI Technical Briefing |
| 520 ## - SUMMARY, ETC. | |
| Summary, etc. | This technical briefing provides a risk assessment approach to the fire performance of sandwich/composite panels and takes into account research funded by ABI since 1999, which has been particularly targeted at sandwich panels used internally in the food and cold storage industry. Aimed at insurance surveyors, building occupiers and managers. References. Partially revised August 2008. |
| 650 ## - SUBJECT ADDED ENTRY--TOPICAL TERM | |
| Topical term or geographic name entry element | SANDWICH PANELS |
| 650 ## - SUBJECT ADDED ENTRY--TOPICAL TERM | |
| Topical term or geographic name entry element | EXTERNAL CLADDING |
| 650 ## - SUBJECT ADDED ENTRY--TOPICAL TERM | |
| Topical term or geographic name entry element | MANAGEMENT-HEALTH AND SAFETY-FIRE SAFETY |
| 650 ## - SUBJECT ADDED ENTRY--TOPICAL TERM | |
| Topical term or geographic name entry element | FIRE RISK |
| 650 ## - SUBJECT ADDED ENTRY--TOPICAL TERM | |
| Topical term or geographic name entry element | COMPOSITE PANELS |
| 690 ## - LOCAL SUBJECT ADDED ENTRY--TOPICAL TERM (OCLC, RLIN) | |
| Topical term or geographic name as entry element | BUILT ENVIRONMENT-BUILDING STANDARDS |
| 710 ## - ADDED ENTRY--CORPORATE NAME | |
| Corporate name or jurisdiction name as entry element | Building Research Establishment |
| 856 ## - ELECTRONIC LOCATION AND ACCESS | |
| Uniform Resource Identifier | <a href="https://www.abi.org.uk/Publications/Technical_Briefing_Fire_Performance_of_Sandwich_Panel_Systems_-_Partially_Revised_August_2008_1.aspx">https://www.abi.org.uk/Publications/Technical_Briefing_Fire_Performance_of_Sandwich_Panel_Systems_-_Partially_Revised_August_2008_1.aspx</a> |
| Public note | View free of charge at www.abi.org.uk |
| 942 ## - ADDED ENTRY ELEMENTS (KOHA) | |
| Suppress in OPAC | 0 |
| Withdrawn status | Lost status | Source of classification or shelving scheme | Damaged status | Not for loan | Home library | Current library | Shelving location | Date acquired | Total Checkouts | Full call number | Barcode | Date last seen | Copy number | Price effective from | Koha item type |
|---|---|---|---|---|---|---|---|---|---|---|---|---|---|---|---|
| Dewey Decimal Classification | Virtual | Virtual | Online | 28/10/2003 | ONLINE PUBLICATION | 124101-2001 | 06/08/2019 | 1 | 06/08/2019 | Book |